000 00397cam a2200157ua 4500
041 _aeng
_h
082 _a664.94
_bBOR/FI
100 _aBorgstrom, Goorg .
245 _aFish as food vol-4 processing /
_cGoorg Borgstrom.
_hTextual Documents
260 _aNew York :
_bAcademic Press ,
_c1965.
300 _a518 ; .
500 _a**Reference
504 _a
942 _cBK
999 _c4791
_d4791